000 00276nam a2200109Ia 4500
008 220204s9999 xx 000 0 und d
082 _a02:015
_bRAN
100 _aRanganathan, S R
245 0 _aPhysical bibliography for librarians
260 _aBombay
_bAsia
_c1974
942 _cBK
999 _c24330
_d24330